00461nmm a2200157Ia 4500008004100000020001800041041000800059100002100067245003200088264008000120300001600200650001200216856005100228942000700279999001700286251105s9999||||xx |||||||||||||||||und|| a9788468776057 aspa aPower, Elizabeth 0aOscuro juego de seducción a[Madrid, España] :bHarlequin, c[Fecha de publicación no identificada] a0 páginas aRomance uhttps://public.digitaliapublishing.com/a/94580 cCF c84410d84410